K pokusom o reformy ekonomického systému v bývalej Juhoslávii.
Reformné opatrenia (od mája 1988) na základe monetaristickej koncepcie na zvládnutie inflácie. Indexácia vkladov na podporu sporenia obyvateľstva. Liberalizácia cien a zahraničného obchodu na odstránenie kvázimonopolného konkurenčného trhu. Transformácia veľkých a stredných podnikov. Príčiny nezvlád...
Na minha lista:
| Autor principal: | |
|---|---|
| Formato: | Capítulo de Livro |
| Idioma: | eslovaco |
| Assuntos: | |
| Tags: |
Sem tags, seja o primeiro a adicionar uma tag!
|
MARC
| LEADER | 00000naa a2200000 4500 | ||
|---|---|---|---|
| 001 | r011562 | ||
| 005 | 20220831090042.3 | ||
| 041 | 0 | |a slo | |
| 044 | |a [CS] | ||
| 245 | 1 | 0 | |a K pokusom o reformy ekonomického systému v bývalej Juhoslávii. |c I. Rendek |
| 520 | |a Reformné opatrenia (od mája 1988) na základe monetaristickej koncepcie na zvládnutie inflácie. Indexácia vkladov na podporu sporenia obyvateľstva. Liberalizácia cien a zahraničného obchodu na odstránenie kvázimonopolného konkurenčného trhu. Transformácia veľkých a stredných podnikov. Príčiny nezvládnutia inflácie. | ||
| 610 | 2 | 0 | |a reformy hospodárske |
| 610 | 2 | 0 | |a SFRJ |
| 610 | 2 | 0 | |a 1988 |
| 610 | 2 | 0 | |a 1990 |
| 610 | 2 | 0 | |a liberalizácia |
| 610 | 2 | 0 | |a ceny |
| 610 | 2 | 0 | |a obchod zahraničný |
| 610 | 2 | 0 | |a inflácia |
| 610 | 2 | 0 | |a samospráva |
| 610 | 2 | 0 | |a podnik |
| 610 | 2 | 0 | |a trh |
| 610 | 2 | 0 | |a subjekt |
| 610 | 2 | 0 | |a sústava peňažná |
| 610 | 2 | 0 | |a regulácia hospodárska |
| 100 | 1 | |a Rendek, I. | |